00906nam a2200241Ia 4500003000900000008004100009020001800050040001600068080001500084100002600099245015600125250001300281260003100294300001700325490005000342650002600392650002900418650003100447700002900478942000700507999001700514952013300531IN-BaIIA211028s9999 xx 000 0 eng d a1-58053-832-0 cIIA Library a537.8bTAF aTaflove, Allen929828 0aComputational electrodynamicsbthe finite-difference time-domain methodcAllen Taflove and Susan C. Hagness  a3rd ed. aBostonbArtech Housec2005 axxii, 1006p. aArtech house antennas and propagation library aElectromagnetism9540 aMaxwell equations929829 aNumerical solutions910928 aHagness, Susan C.929830 cBK c16119d16119 00104070aBANbBANcGENd2006-03-08eTBH g6606.20l0o537.8/ TAFp17041r2021-11-05v6606.20w2006-03-08yBKGRs. 6606.20